| 000 | 00596cam a22002171 4500 | ||
|---|---|---|---|
| 001 | af 49000928 | ||
| 003 | DLC | ||
| 005 | 20260227110917.0 | ||
| 008 | 890330s1944 be 000 1 dut c | ||
| 010 | _aaf 49000928 | ||
| 035 | _a(OCoLC)19479831 | ||
| 040 |
_aCalifornia. Univ. Libr. _cCU _dDLC |
||
| 042 | _apremarc | ||
| 050 | 0 | 0 |
_aPT2631.A47 _bS8 |
| 082 | _a833.91 | ||
| 100 | 1 |
_aPanhuys, Anny von, _cFreifrau von, _d1879- |
|
| 245 | 1 | 0 |
_aSterren en liefde, _broman. |
| 260 |
_aAntwerpen, _bUitgeverij Westernis _c[1944] |
||
| 300 |
_a159 p. _c17 cm. |
||
| 440 | 3 |
_aDe Briljant uitgave, _vnr 14 |
|
| 999 |
_c6786 _d6786 |
||